Failed Football Experiments- England’s Golden Generation - Statistics

General Stats
  • This quiz has been taken 18 times
  • The average score is 9 of 18
Answer Stats
Hint Answer % Correct
Who did England beat 5-1 at the Olympic Stadium on 1st September 2001? Germany
100%
Who was the team that knocked England out that game? Germany
100%
Who scored a famous free kick at Old Trafford against Greece to help England qualify for the 2002 world cup David Beckham
88%
At the 2010 World Cup, who hit a shot in the Round of 16 which hit the cross bar and bounced over the line but was not awarded as a goal? Frank Lampard
82%
Who knocked England out at the Quarter Finals after a mistake from David Seaman? Brazil
76%
Following this exit, the media proclaimed this as the end of the golden generation. One of the main reasons cited was a lack of balance in the middle with legendary central midfielders Steven Gerrard, Frank Lampard and who? Paul Scholes
76%
Who knocked them out at the quarter final stage in 2004 Portugal
76%
At the 2006 world cup, England topped their group by beating Trinidad,Paraguay and drawing to Sweden but who knocked them out on penalties at the quarter finals? Portugal
76%
Which manager was considered weak and arrogant by the British press during the 2006 World Cup, who lost his job shortly after the tournament? Sven Goran Eriksson
59%
Which legendary player scored the crucial goal to deliver the golden generations first disappointment? Ronaldinho
53%
The problem in midfield was that Lampard and Gerrard were both attack minded and there was no way to fit the previous answer ,who was a deep lying playmaker, into the rigid 4-4-2 formation. Which position did the answer to the previous question occasionally play which ended up making him retire from internationals at 29? Left Wing
47%
England finished third in their group for the 2008 Euro qualifiers which meant they didnt even get to the tournament, leading to the sacking of which manager? Steve McClaren
41%
Following that result which FA chief executive dubbed the team “the golden generation” Adam Crozier
6%
Which England players missed the penalties against Portugal to knock them out? David Beckham and Darius Vassell
6%
Which three teams did England play in the group stages of the 2004 Euros? France, Croatia, Switzerland
6%
Which three England players missed the penalties which put them out? Gerrard,Lampard, Carragher
6%
Who scored England’s goals that night? (Surnames only) Owen, Gerrard, Heskey
6%
A further wealth of talent of the golden generation was in central defence. Name the 6 central defenders who played for England during that period? (Surnames only) Terry, Ferdinand, Campbell, Carragher, King, Woodgate
6%
No matching quizzes found
Score Distribution
Percent of People with Each Score
Percentile by Number Answered
Your Score History
You have not taken this quiz